جغرافیہ عالم اسلام (Record no. 26406)

MARC details
000 -LEADER
fixed length control field 00350nam a2200133Ia 4500
008 - FIXED-LENGTH DATA ELEMENTS--GENERAL INFORMATION
fixed length control field 230718s9999 xx 000 0 und d
082 ## - DEWEY DECIMAL CLASSIFICATION NUMBER
Classification number 297
Item number حسی-ج
100 ## - MAIN ENTRY--AUTHOR
Author Name حسین، پیر و میر ماجد
245 #0 - TITLE STATEMENT
Title جغرافیہ عالم اسلام
260 ## - PUBLICATION, DISTRIBUTION, ETC.
Place of Publication Pakistan
Name of publisher, distributor, etc. Ilmi book house
Date of publication, distribution, etc. 1993
300 ## - PHYSICAL DESCRIPTION
Pages 297
650 ## - SUBJECT ADDED ENTRY--TOPICAL TERM
Subject / Department Law
952 ## - LOCATION AND ITEM INFORMATION (KOHA)
-- 0
-- 0
Holdings
Lost status Damaged status Permanent Location Current Location Date acquired Full Call Number Accession No./Barcode Date last seen item type
    Superior Information Resource Center (SIRC) Superior University-Law Campus Superior Information Resource Center (SIRC) Superior University-Law Campus 07/18/2023 297 حسی-ج 21358 07/18/2023 BOOK

Powered by Koha